banner koha

Fertilizacao de pastagem de capim coloniao em degradacao [Panicum maximum, nutriente] (Registro n. 275916)

MARC details
000 -LÍDER
campo de controle de tamanho fixo 01035nac a22002897a 4500
001 - NÚMERO DE CONTROLE
campo de controle BR8302079
003 - IDENTIFICADOR DO NÚMERO DE CONTROLE
campo de controle BR-BrBNA
005 - DATA E HORÁRIO DA ÚLTIMA TRANSAÇÃO
campo de controle 20240105115703.0
008 - CAMPO DE DADOS FIXOS--INFORMAÇÃO GERAL
campo de controle de tamanho fixo 230509b bl.|||m| |||| 00| 0 por d
040 ## - FONTE DA CATALOGAÇÃO
Instituição da catalogação original BR-BrBNA
Idioma da catalogação por
Instituição que transcreveu o registro Biblioteca Nacional de Agricultura
072 ## - CÓDIGO DE CATEGORIA DE ASSUNTO
Código de Categoria de Assunto F25
090 ## - NÚMERO DE CHAMADA LOCAL
Número de chamada 1930 BR8302079
100 1# - ENTRADA PRINCIPAL--NOME PESSOAL
Nome pessoal Italiano, E.C.
100 1# - ENTRADA PRINCIPAL--NOME PESSOAL
Nome pessoal Moraes, E. de
100 1# - ENTRADA PRINCIPAL--NOME PESSOAL
Nome pessoal Canto, A. do C.
110 1# - ENTRADA PRINCIPAL--NOME CORPORATIVO
Nome corporativo ou nome da jurisdição Unidade de Execucao de Pesquisa de Ambito Estadual de Manaus, AM (Brasil)
9 (RLIN) 10369
245 1# - TÍTULO
Título Fertilizacao de pastagem de capim coloniao em degradacao [Panicum maximum, nutriente]
246 1# - FORMA VARIANTE DO TÍTULO
Título/título abreviado [Fertilization of guinea grass pasture in degradation [Panicum maximum, nutrient]]
260 3# - PUBLICAÇÃO, DISTRIBUIÇÃO, ETC.
Local de publicação, distribuição, etc. Manaus, AM (Brasil):
Data da publicação, distribuição, etc. 1982.
300 ## - DESCRIÇÃO FÍSICA
Extensão 3 p.
490 ## - TÍTULO DA SÉRIE
Título da série Comunicado Tecnico - Unidade de Execucao de Pesquisa de Ambito Estadual de Manaus (Brazil)
Número do volume ou designação sequencial da série no. 31
ISSN - International Standard Serial Number
650 ## - ASSUNTO--TERMO TÓPICO
Cabeçalho tópico ou nome geográfico CAPIM COLONIAO
650 ## - ASSUNTO--TERMO TÓPICO
Cabeçalho tópico ou nome geográfico NUTRIENTE
650 ## - ASSUNTO--TERMO TÓPICO
Cabeçalho tópico ou nome geográfico ADUBACAO
909 ## -
-- 202312
-- Lúcia Elande
-- 55
-- Lúcia Elande
942 ## - ELEMENTOS DE ENTRADA ADICIONADOS (KOHA)
Fonte da classificação ou esquema de arquivamento na estante Classificação AGRIS
Ocultar no OPAC Não
Tipo de material Koha Monografia Seriada
Exemplares
Situação do descarte Fonte da classificação ou esquema de arquivamento na estante Situação física Não pode ser emprestado Coleção Biblioteca de origem Biblioteca atual Localização na estante Total de empréstimos Número de telefone completo Código de barras Data de último acesso Tipo de material Koha Fonte de aquisição
  Classificação AGRIS       Biblioteca Nacional de Agricultura - Binagri Biblioteca Nacional de Agricultura - Binagri Agrobase - Acervo Geral   1930 BR8302079 1930 BR8302079 18/12/2023 Monografia Seriada Portaria Interministerial nº 164/94

BINAGRI

Telefone: (61)3218-2567/2388/3357/2097 - binagri@agro.gov.br

Ministério da Agricultura e Pecuária , Esplanada dos Ministérios, Bloco D, Anexo B, Brasília/DF, CEP: 70.043-900